Geography Quiz

Random Geography or State Quiz

US States in Order Quiz Stats

 Plays Quiz Updated Nov 8, 2018

     
Support Sporcle.
Go Orange.
Score 0/50 Timer 08:00
5 Plays Today
% Correct
Delaware
96%
Pennsylvania
87.6%
New Jersey
83.9%
Connecticut
74.2%
Georgia
73.8%
Massachusetts
73.1%
Maryland
72.9%
New York
72.1%
Virginia
71.7%
New Hampshire
69.9%
South Carolina
69.7%
Rhode Island
69.6%
North Carolina
69.5%
Vermont
67.8%
Ohio
64.5%
Kentucky
64%
Tennessee
63.5%
Indiana
58%
Louisiana
57.4%
Mississippi
55%
Illinois
54.9%
Hawaii
54.2%
Maine
54.2%
Alabama
53.8%
Alaska
53.7%
% Correct
Missouri
50.9%
Texas
50.7%
Florida
50.4%
Michigan
49.9%
Arkansas
49.4%
California
46.9%
Iowa
46.3%
Wisconsin
45.9%
West Virginia
43.1%
Minnesota
42.9%
Arizona
42.2%
Oregon
41.7%
New Mexico
41.5%
Kansas
41.4%
Nevada
38.6%
Nebraska
37.5%
Oklahoma
37.2%
Colorado
36.9%
North Dakota
36.8%
South Dakota
36.6%
Utah
36.3%
Washington
35.7%
Montana
35.6%
Idaho
35.6%
Wyoming
35%

From the Vault

A Game of Thrones Grab Bag

by yoshima

Watch out, there could be direwolves in there!
Remove Ads.
Support Sporcle.
Get the best of Sporcle when you Go Orange. This ad-free experience offers more features, more stats, and more fun while also helping to support Sporcle. Thank you for becoming a member.

Show Comments

Extras

Top Quizzes Today


Score Distribution

Your Account Isn't Verified!

In order to create a playlist on Sporcle, you need to verify the email address you used during registration. Go to your Sporcle Settings to finish the process.

Report this User

Report this user for behavior that violates our Community Guidelines.

Details: